Normal view
MARC view
Entry Personal Name
001 - CONTROL NUMBER
- control field: 256309
003 - CONTROL NUMBER IDENTIFIER
- control field: OSt
005 - DATE AND TIME OF LATEST TRANSACTION
- control field: 20260221113226.0
008 - FIXED-LENGTH DATA ELEMENTS
- fixed length control field: 260221|| aca||aabn | a|a d
040 ## - CATALOGING SOURCE
- Original cataloging agency: OSt
- Transcribing agency: OSt
100 ## - HEADING--PERSONAL NAME
- Personal name: BENSON (Robert Hugh)
670 ## - SOURCE DATA FOUND
- Source citation: Work cat.: (OSt)90654: BENSON (Robert Hugh)., Initiation, 1928